000 00425nam a2200169Ia 4500
003 0STCL
008 150530s9999 xx 000 0 und d
040 _aSTCL
_cSTCL
100 _aBasu, K; Majumdar, M.; Mitra, T. Ed
245 _aCapital, Investment and Development
250 _aSecond
260 _bOxford University press
_c1999
546 _aEnglish
942 _2ddc
_cBK
999 _c12968
_d12968
005 20220125165633.0